Claiming Christ : (Record no. 45748)

MARC details
000 -LEADER
fixed length control field 02447nam a22002177a 4500
008 - FIXED-LENGTH DATA ELEMENTS--GENERAL INFORMATION
fixed length control field 160204b xxu||||| |||| 00| 0 eng d
020 ## - INTERNATIONAL STANDARD BOOK NUMBER
International Standard Book Number 9781587432095
050 ## - LIBRARY OF CONGRESS CALL NUMBER
Classification number BX8635.3
Item number .M55 2007
100 ## - MAIN ENTRY--PERSONAL NAME
Personal name Millet, Robert L
245 ## - TITLE STATEMENT
Title Claiming Christ :
Remainder of title a Mormon-Evangelical debate /
Statement of responsibility, etc Robert L. Millet and Gerald R. McDermott
260 ## - PUBLICATION, DISTRIBUTION, ETC. (IMPRINT)
Place of publication, distribution, etc Grand Rapids, Mich. :
Name of publisher, distributor, etc Brazos Press,
Date of publication, distribution, etc 2007
300 ## - PHYSICAL DESCRIPTION
Extent 238 p. ;
Dimensions 23 cm
500 ## - GENERAL NOTE
General note Includes bibliographical references
505 ## - FORMATTED CONTENTS NOTE
Formatted contents note |gIntroduction:|tFriendship without compromise /|rGerald McDermott, Robert Millet --|tHow do we know about Jesus? : sources of authority /|rGerald McDermott --|tA Latter-day Saint response /|rRobert Millet --|tRebuttal and concluding thoughts /|rGerald Mc Dermott --|tChrist before Bethlehem : reator, God of the ancients /|rRobert Millet --|tAn evangelical response /|rGerald McDermott --|tRebuttal and concluding thoughts /|rRobert Millet --|tJesus, God, and us : the Trinity and God's oneness / |rGerald McDermott --|tA Latter-day Saint esponse / |rRobert Millet --|tRebuttal and concluding thoughts / |rGerald McDermott --|tThe suffering servant : His passion and atonement /|rRobert Millet --|tAn evangelical response /|rGerald McDermott --|tRebuttal and concluding thoughts / |rRobert Millet --|tJesus of history, Christ of faith : the Gospels and the Book of Mormon /|rGerald McDermott --|tA Latter-day Saint response /|rRobert Millet --|tRebuttal and concluding thoughts /|rGerald McDermott --|tThe keys of the kingdom : the Church and the Sacraments |rRobert Millet --|tAn evangelical response /|rGerald McDermott --|tRebuttal and concluding thoughts /|rRobert Millet --|tSalvation in Christ : grace, faith, and works /|rGerald McDermott --|tA Latter-day Saint response / |rRobert Millet --|tRebuttal and concluding thoughts / |rGerald McDermott --|tThe only name under heaven? : the fate of the unevangelized /|rRobert Millet --|tAn evangelical response /|rGerald McDermott --|tRebuttal and concluding thoughts /|rRobert Millet --|gConclusion: |tDiscerning the spirits : what we have learned /|rGerald McDermott, Robert Millet
610 ## - SUBJECT ADDED ENTRY--CORPORATE NAME
Subordinate unit Church of Jesus Christ of Latter-day Saints
General subdivision Doctrines
650 ## - SUBJECT ADDED ENTRY--TOPICAL TERM
Topical term or geographic name as entry element Mormon Church
General subdivision Doctrines
650 ## - SUBJECT ADDED ENTRY--TOPICAL TERM
Topical term or geographic name as entry element Reformed Church
General subdivision Doctrines
650 ## - SUBJECT ADDED ENTRY--TOPICAL TERM
Topical term or geographic name as entry element Evangelicalism
700 ## - ADDED ENTRY--PERSONAL NAME
Personal name McDermott, Gerald R.
Fuller form of name (Gerald Robert)
942 ## - ADDED ENTRY ELEMENTS (KOHA)
Source of classification or shelving scheme Library of Congress Classification
Item type Book
Holdings
Withdrawn status Lost status Source of classification or shelving scheme Damaged status Not for loan Collection code Home library Current library Shelving location Date acquired Source of acquisition Total Checkouts Full call number Barcode Copy number Price effective from Koha item type
    Library of Congress Classification   Not For Loan Non-fiction Bishop Okullu Memorial Library (Limuru Campus) Bishop Okullu Memorial Library (Limuru Campus) General Circulation 04/02/2016 Donation   BX8635.3 .M55 2007 045534 1 04/02/2016 Book